000 00608nam a2200181Ia 4500
008 151202s9999||||xx |||||||||||||| ||und||
082 _bPNVM-34513
100 _aरसाळ उध्दव.
245 _aकविता आणि प्रतिमा.
260 _b"मौज प्रकाशन गृह,पुणे."
260 _c1982
300 _a491
600 _aरसाळ उध्दव.
630 _aकविता आणि प्रतिमा.
700 _aरसाळ उध्दव.
730 _aकविता आणि प्रतिमा.
942 _cBOOK
999 _c1300471
_d1300468